000 00922nam a2200229 i 4500
001 164838
003 ES-MaACL
005 20250718191210.0
008 010719q1881 fr |||| | fre d
040 _aCCPB | B
_bspa
_cCCPB | B
080 _a930.85(7/8):061.3(460.27 M.)"1881"
100 1 _aSaussure, Henri de.
_9104018
245 1 3 _aLe Congrés des Américanistes tenu a Madrid en septembre 1881 /
_cpar Henri de Saussure.
260 _a[S.l. :
_bs.n.,
_c1881?]
300 _a48 p. ;
_c24 cm.
530 _aDisponible en formato digital.
594 _aTít. y autor tomados de inicio de texto en p. 1.
611 2 7 _aCongreso Internacional de Americanistas
_n(4º.
_d1881.
_cMadrid)
_2
_9148029
852 _aES-MaACL
_jT-541-F-2
_z-- Enc. hol.
_z-- Enc. en un vol. facticio
856 _uhttp://bdh-rd.bne.es/viewer.vm?id=0000102241&page=1
_zBiblioteca Digital Hispánica
999 _c164838
_d164838